Waterman materials passports framwork (Record no. 122053)

MARC details
000 -LEADER
fixed length control field 00931nam a22002657a 4500
008 - FIXED-LENGTH DATA ELEMENTS--GENERAL INFORMATION
fixed length control field 240912s2023 xxk||||| |||| 00| 0 eng d
020 ## - INTERNATIONAL STANDARD BOOK NUMBER
ISBN 9781916849136
041 ## - LANGUAGE CODE
Language code of text/sound track or separate title eng
082 ## - DEWEY DECIMAL CLASSIFICATION NUMBER
Classification number F691 WAT
110 ## - MAIN ENTRY--CORPORATE NAME
Corporate author Waterman Group
245 ## - TITLE STATEMENT
Title Waterman materials passports framwork
260 ## - PUBLICATION INFORMATION
Publisher Waterman Group
Date November 2023
300 ## - PHYSICAL DESCRIPTION
Physical description 99p.
Dimensions 30cm
520 ## - ABSTRACT
Abstract Introducing a standardised approach to materials passports in the construction industry, enabling material reuse and demonstrating compliance for Net Zero, circularity and health and safety. Also examines their implementation and role in BIM.
650 ## - KEYWORDS
Keywords Building Information Modelling
650 ## - KEYWORDS
Keywords Net Zero
650 ## - KEYWORDS
Keywords Construction materials
651 ## - SUBJECT ADDED ENTRY--GEOGRAPHIC NAME
Geographic name International
700 ## - ADDED PERSONAL NAME
Added personal author Terndrup, Mark
700 ## - ADDED PERSONAL NAME
Added personal author Stella, Anastasia
700 ## - ADDED PERSONAL NAME
Added personal author Pilcher, Nick
700 ## - ADDED PERSONAL NAME
Added personal author Nilsson, Susan
710 ## - ADDED CORPORATE NAME
Added corporate author Waterman Group
942 ## - ADDED ENTRY ELEMENTS (KOHA)
Suppress in OPAC Do not suppress in OPAC
Holdings
Lost status Damaged status Not for loan Home library Current library Shelving location Date acquired Total Checkouts Full call number Date last seen Price effective from Koha item type
      London London Folio 05/11/2024   F691 WAT 05/11/2024 05/11/2024 Book